Mammifères - mort subite - Statistiques

Statistiques générales
  • Ce quiz a été pris 409 fois
  • Le résultat moyen est 5 sur 8
Answers on the Grid
Answers color-coded by a green-red scale on the quiz's grid according to % correct below.
Loutre
Autruche
Serpent
Dragon de Komodo
Fugu
Loup
Grenouille
Quetzal
Ornithorynque
Grillon
Cachalot
Chauve-souris
Requin
Faisan
Dendrobate
Dugong
Tourteau
Diable de tasmanie
Caïman
Capybara
 
Statistiques - réponses
Réponse % Correct
Loutre
88%
Loup
83%
Ornithorynque
59%
Capybara
57%
Chauve-souris
56%
Diable de tasmanie
54%
Cachalot
53%
Dugong
36%
Aucun quiz correspondant
Distribution des résultats
% des personnes avec chaque résultat
Percentile par nombre de réponses
Votre historique - résultats
Vous n’avez pas pris ce quiz